| 000 | 01135nac a22003377a 4500 | ||
|---|---|---|---|
| 001 | BR0901827 | ||
| 003 | BR-BrBNA | ||
| 005 | 20240105123732.0 | ||
| 008 | 230509b bl.|||m| |||| 00| 0 por d | ||
| 040 |
_aBR-BrBNA _bpor _cBiblioteca Nacional de Agricultura |
||
| 072 | _aE14; A50 | ||
| 090 | _aE14 BR0901827 | ||
| 100 | 1 | _aMagalhães, M.C. | |
| 100 | 1 | _aVedovoto, G.L. | |
| 100 | 1 | _aIrias, L,J.M. | |
| 100 | 1 | _aVieira, R. de C.M. | |
| 100 | 1 | _aÁvila, A.F.D. | |
| 110 | 1 |
_aEMBRAPA Secretaria de Gestão e Estratégia, Brasília, DF (Brasil) _93718 |
|
| 245 | 1 | _aAvaliação dos impactos da pesquisa da EMBRAPA: Uma amostra de 12 tecnologias | |
| 260 | 3 |
_aBrasília, DF (Brasil): _c2006. |
|
| 300 | _a243 p. | ||
| 490 |
_aDocumentos - EMBRAPA Secretaria de Gestão e Estratégia (Brazil) _vno. 13 _xISSN 1679-4680 |
||
| 500 | _aSeveral bilbliographies; Numerical Data; 15 illus. | ||
| 650 | _aAGRONEGÓCIO | ||
| 650 | _aIMPACTO AMBIENTAL | ||
| 650 | _aIMPACTO ECONÔMICO | ||
| 650 | _aINSTITUTO DE PESQUISA | ||
| 650 | _aTECNOLOGIA | ||
| 909 |
_a202312 _bLúcia Elande _c55 _dLúcia Elande |
||
| 942 |
_2AGRIS _n0 _cMS |
||
| 999 |
_c296763 _d296763 |
||